Rozumieme makroekonómii?
Guardado en:
| Autor principal: | |
|---|---|
| Formato: | Libro |
| Lenguaje: | eslovaco |
| Publicado: |
Bratislava
Elita
1993
|
| Edición: | 1. vyd. |
| Materias: | |
| Etiquetas: |
Sin Etiquetas, Sea el primero en etiquetar este registro!
|
MARC
| LEADER | 00000nam a2200000 4500 | ||
|---|---|---|---|
| 001 | c004521 | ||
| 005 | 20221214082809.1 | ||
| 020 | |a 80-85323-48-6 | ||
| 041 | 0 | |a slo | |
| 044 | |a SK | ||
| 245 | 1 | 0 | |a Rozumieme makroekonómii? |c Jaroslav Husár |
| 250 | |a 1. vyd. | ||
| 264 | 1 | |a Bratislava |b Elita |c 1993 | |
| 300 | |a 128 s. | ||
| 610 | 2 | 0 | |a makroekonomika |
| 610 | 2 | 0 | |a pojmy |
| 610 | 2 | 0 | |a faktory výrobné |
| 610 | 2 | 0 | |a produkt národný hrubý |
| 610 | 2 | 0 | |a účty národné |
| 610 | 2 | 0 | |a matice |
| 610 | 2 | 0 | |a účtovníctvo národné |
| 610 | 2 | 0 | |a účtovníctvo vnútropodnikové |
| 610 | 2 | 0 | |a teórie ekonomické |
| 610 | 2 | 0 | |a dôchodok národný |
| 610 | 2 | 0 | |a spotreba |
| 610 | 2 | 0 | |a úspory |
| 610 | 2 | 0 | |a investície |
| 610 | 2 | 0 | |a rovnováha hospodárska |
| 610 | 2 | 0 | |a politika fiškálna |
| 610 | 2 | 0 | |a dopyt |
| 610 | 2 | 0 | |a modely ekonomické |
| 610 | 2 | 0 | |a modely rovnováhy |
| 610 | 2 | 0 | |a multiplikátor |
| 100 | 1 | |a Husár, Jaroslav | |